000 00554nam a2200193Ia 4500
003 GCL
008 140319s9999 xx 000 0 ara d
040 _aGCL /
_cGCL
082 0 4 _a813.085
_bم س
100 1 _aمحمود البدوى
245 1 0 _aالسفينة الذهبية /
_cمحمود البدوى
260 _a[S.N] :
_bدار الشعب للطباعة والنشر ،
_c1971
300 _a222 ص
490 _a
650 0 4 _aالادب العربى
650 0 4 _aالقصص العاطفية
650 0 4 _aالقصص
942 _2ddc
_cBK
999 _c53117
_d53117